| 000 | 00574nam a2200169 i 4500 | ||
|---|---|---|---|
| 001 | 104545 | ||
| 003 | ES-MaACL | ||
| 007 | t| | ||
| 008 | 051201s1969 xxu ||||1| eng d | ||
| 100 | 1 |
_aMills, Alden B. _981276 |
|
| 245 | 1 | 0 |
_aFuncional Planning of General Hospitals / _ceditor, Alden B. Mills. |
| 260 |
_aNew York : _bMcGraw-Hill, _c1969. |
||
| 300 |
_aX, 353 p. ; _c24 cm. |
||
| 500 | _aPrecede al tít.: The American Association of Hospital Consultants. | ||
| 710 | 2 |
_aThe American Association of Hospital Consultants. _96945 |
|
| 852 |
_aES-MaACL _jE-5614 _bR.89931 |
||
| 999 |
_c104545 _d104545 |
||